End of class politics?: class voting in comparative context (Record no. 391990)

000 -LEADER
fixed length control field 00494cam a22001457a 4500
008 - FIXED-LENGTH DATA ELEMENTS--GENERAL INFORMATION
fixed length control field 180718b1999 xxu||||| |||| 00| 0 eng d
020 ## - INTERNATIONAL STANDARD BOOK NUMBER
International Standard Book Number 0198296347
082 ## - DEWEY DECIMAL CLASSIFICATION NUMBER
Classification number F83 Ev15
245 ## - TITLE STATEMENT
Title End of class politics?: class voting in comparative context
Statement of responsibility, etc. edited by Geoffrey Evans
260 ## - PUBLICATION, DISTRIBUTION, ETC.
Place of publication, distribution, etc. Oxford
Name of publisher, distributor, etc. Oxford Uniersity Press
Date of publication, distribution, etc. 1999
300 ## - PHYSICAL DESCRIPTION
Extent 364p.
650 ## - SUBJECT ADDED ENTRY--TOPICAL TERM
Topical term or geographic name entry element Social classes - Political aspects - History - 20th century
650 ## - SUBJECT ADDED ENTRY--TOPICAL TERM
Topical term or geographic name entry element Voting - History - 20th century
700 ## - ADDED ENTRY--PERSONAL NAME
Personal name Evans, Geoffrey
Holdings
Withdrawn status Lost status Damaged status Not for loan Permanent Location Current Location Date acquired Full call number Barcode Date last seen Price effective from Koha item type
        Indian Institute of Public Administration Indian Institute of Public Administration 2000-04-03 F83 Ev15 75219 2018-07-21 2018-07-21 Book

Powered by Koha